| 000 | 00319nam a22001097a 4500 | ||
|---|---|---|---|
| 008 | 230619b xxu||||| |||| 00| 0 eng d | ||
| 082 |
_a242.3 _bNCCK |
||
| 245 |
_aNational Christian Council of Kenya _b25th Anniversary 1969 |
||
| 260 |
_aKenya _bNational Christian Council of Kenya _c1969 |
||
| 300 | _a118p | ||
| 942 |
_2ddc _cBK |
||
| 999 |
_c1345 _d1345 |
||